| 000 | 01056nam a22003497a 4500 | ||
|---|---|---|---|
| 001 | BR7808045 | ||
| 003 | BR-BrBNA | ||
| 005 | 20230928085850.0 | ||
| 007 | ta | ||
| 008 | 230509b bl.||||| |||| 00| 0 por d | ||
| 040 |
_aBR-BrBNA _bpor _cBiblioteca Nacional de Agricultura |
||
| 041 | _a(Por) | ||
| 072 |
_aE10; F01 _b9320 _b8961 _b/G514 |
||
| 090 | _ 9320 BR7808045 | ||
| 110 | 1 |
_aCooperativa Central dos Produtores de Acucar e Alcool do Estado de Sao Paulo, Sao Paulo (Brasil) _92827 |
|
| 245 | 1 | _aConsideracoes sobre a relacao de paridade entre o acucar e o alcool [cana de acucar, custo, safra, industrializacao] | |
| 260 | 3 |
_aSao Paulo, SP (Brasil): _c1978. |
|
| 300 | _a21 p. | ||
| 500 | _a5 tables | ||
| 650 | _aMACROECONOMIA | ||
| 650 | _aPRODUCAO VEGETAL | ||
| 650 | _aCANA DE ACUCAR | ||
| 650 | _aACUCAR | ||
| 650 | _aCUSTO | ||
| 650 | _aINDUSTRIALIZACAO | ||
| 650 | _aALCOOL | ||
| 650 | _aINDUSTRIA ALIMENTICIA | ||
| 650 | _aMATERIA PRIMA | ||
| 650 | _aRENDIMENTO | ||
| 909 |
_a202309 _bLucia _c55 _dLucia Elande |
||
| 942 | _cBK | ||
| 999 |
_c26766 _d26766 |
||